Statistics for Adopt Me! Pets Quiz

Click here to take the quiz!

General Stats

  • This quiz has been taken 1,899 times
  • The average score is 42 of 119

Answer Stats

Pets% Correct
Dog
91%
Cat
90%
Unicorn
77%
Dragon
75%
Shadow Dragon
64%
Bat
63%
Frost Dragon
63%
Giraffe
60%
Cow
58%
Turtle
56%
Pink Cat
55%
Blue Dog
54%
Chick
54%
Kangaroo
53%
Owl
53%
Parrot
52%
Monkey
51%
Pig
50%
Golden Unicorn
49%
Griffin
49%
Panda
49%
T-Rex
48%
Bat Dragon
47%
Bee
46%
Crow
46%
Evil Unicorn
45%
Horse
45%
Lion
45%
Golden Dragon
44%
Bunny
43%
Chicken
43%
Golden Griffin
43%
Rabbit
43%
Dodo
42%
Penguin
42%
Elephant
41%
Frog
41%
Frost Fury
41%
Sloth
41%
Buffalo
40%
King Bee
40%
Rat
40%
Diamond Unicorn
39%
Kitsune
39%
Otter
39%
Queen Bee
39%
Snow Owl
39%
Albino Bat
38%
Puma
38%
Bandicoot
37%
Diamond Dragon
37%
Koala
37%
Red Panda
37%
Albino Monkey
36%
Diamond Griffin
36%
Polar Bear
36%
Reindeer
36%
Snow Cat
36%
Golden Penguin
35%
Robin
35%
Flamingo
34%
Golden Rat
34%
Wolf
34%
Dingo
33%
Shiba Inu
33%
Snow Puma
33%
Silly Duck
32%
Starfish
32%
Brown Bear
31%
Crocodile
31%
Meerkat
31%
Snowman
31%
Ginger Cat
30%
Turkey
29%
Ground Sloth
28%
Robo Dog
28%
Beaver
27%
Cerberus
27%
Drake
27%
Emu
27%
Rhino
27%
Swan
27%
Arctic Reindeer
26%
Black Panther
26%
Ninja Monkey
26%
Zombie Buffalo
26%
Fennec Fox
25%
Hyena
25%
Llama
25%
Toucan
25%
Yeti
25%
Capybara
24%
Ghost Bunny
24%
Toy Monkey
24%
Chocolate Labrador
23%
Australian Kelpie
22%
Dalmatian
22%
Arctic Fox
21%
Lynx
21%
Wild Boar
21%
Hedgehog
20%
Stegosaurus
20%
Tasmanian Tiger
20%
Platypus
19%
Shrew
19%
Skele-Rex
19%
Monkey King
18%
Sabertooth
18%
Triceratops
18%
Business Monkey
17%
Glyptodon
17%
Musk Ox
17%
Pet Rock
16%
Scoob
15%
Pterodactyl
14%
Dilophosaurus
11%
Deinonychus
10%
Wooly Mammoth
10%
Pumpkin
9%

Score Distribution

Percentile by Number Answered

Percent of People with Each Score

Your Score History

You have not taken this quiz